000 01180nam a2200229Ia 4500
003 Ost
005 20260507075040.0
008 260507s9999||||xx |||||||||||||| ||und||
020 _a6494279953
040 _cfsecg
041 _aara
082 _a0
100 _aبوذياب، سليمان
_eمؤلف
245 0 _aمبادئ القانون المدني :
_bدراسة نظرية وتطبيقات عملية في القانون الحق-الموجب والمسؤولية /
_c سليمان بوذياب
260 _aبيروت:
_bالمؤسسة الجامعية للدراسات والنشر,
_c2008
300 _a366 صفحة؛
_c24 سم
520 _aالمبادئ القانونية العامة -الدراسة النظرية،القانون،الحق،الموجب (الالتزام)،التطبيقات العملية في الشرط المخالف للقانون أو النظام العام أو للآداب،في الإثراء بلا سبب،في نظرية الفضول،في موضع العقد،في موضوع المسؤولية
653 _aالقانون
653 _aالقانون المدني
653 _aالمسؤولية
942 _cكتاب
999 _c42498
_d42498